00724nam a2200241 a 4500001001300000003000900013005001700022008004100039020001000080082001500090100002200105245005800127260004700185300000900232500003500241505002400276650002300300700002200323902000800345942000700353952010700360999001500467nice12345678IN_TiNIC20260116011657.0050524s1976 mada grp 000 0 eng  ac10000a200.1bTAY aTaylor, Richard W aSociety and Religionb Essays in Honour of M M Thomas aMadrasbChristian Literature Societyc1976 a193p aincludes index and biblioraphy2 aBibliography, Index aReligion-Sociology1 aTaylor, Richard W bSRS cBK 00104070aHMIbHMId2007-03-19g100.00l2o200.1 TAYp08124r2018-12-11s2018-11-06w2026-01-16yEB c3350d3350